| 000 | 01963nam0a2200313 4500 | ||
|---|---|---|---|
| 001 | RU\NLR\bibl\931600 | ||
| 005 | 20260407053706.0 | ||
| 010 |
_a5-482-00678-6 _93000 |
||
| 021 |
_aRU _b2006-6822 _9324 |
||
| 035 | _a(NLR Aleph) 000919817 | ||
| 090 |
_a92628 _c92628 |
||
| 100 | _a20060413d2006 |||y0rusy50 ca | ||
| 101 | 0 | _arus | |
| 102 | _aRU | ||
| 105 | _ay ||||||||| | ||
| 200 | 1 |
_aНарушения правил дорожного движения _eдокументы, составляемые сотрудниками Госавтоинспекции МВД России _e(нормативно-правовая основа и образцы заполнения) _eпрактическое пособие _fГос. инспекция безопасности дорожного движения МВД России _gпод ред. д.ю.н., засл. юриста Рос. Федерации А.Ю. Якимова |
|
| 210 |
_aМосква _cПроспект _cТК Велби _d2006 |
||
| 215 |
_a84 с. _d24 |
||
| 606 | 1 |
_aПроцессуальные документы по административным делам _jПрактические пособия _yРоссийская Федерация _92066082 _3RU\NLR\auth\661240627 |
|
| 606 | 1 |
_aПравила дорожного движения _jПрактические пособия _xНарушения _xАдминистративная ответственность _yРоссийская Федерация _92111454 _3RU\NLR\auth\661276031 |
|
| 686 | _aХ621.033.2я7 | ||
| 702 | 1 |
_aЯкимов _bА. Ю. _gАлександр Юрьевич _4340 |
|
| 711 | 0 | 1 |
_aРоссийская Федерация _bГосударственная инспекция безопасности дорожного движения _3RU\NLR\AUTH\8810023722 _9545470 |
| 801 | 0 |
_aRU _bNLR _c20060413 _grcr |
|
| 801 | 1 |
_aRU _bNLR _c20060413 |
|
| 830 | _aпо эк | ||
| 942 | _cBOOK | ||
| 980 | _aNB | ||